| 000 | 00966nam2a2200229 4500 | ||
|---|---|---|---|
| 001 | rc\2637450 | ||
| 005 | 20260315042327.0 | ||
| 035 | _a(NLR Aleph) 006945610 | ||
| 090 |
_a13560573 _c13560573 |
||
| 100 | _a20110602d1931 u y0rusy50 ca | ||
| 101 | 0 | _arus | |
| 102 | _aRU | ||
| 105 | _aa z ||||| | ||
| 200 | 1 | _aТеоретическая часть | |
| 210 |
_d1931 _gТип. "Гудок" |
||
| 215 |
_a118, [2] с. _cчерт. |
||
| 461 | 0 |
_1001rc\2637448 _12001#$aСкрещивание телефонных цепей$e[Ч. I-II]$fинж.-эл. П.К. Акульшин$v[Ч. 2] _1700#1$aАкульшин$bП.К.$gПавел Кузьмич _95195798 _aАкульшин, П.К. _cМосква _d1931 _fинж.-эл. П.К. Акульшин _nизд-во НКПТ _o[Ч. I-II] _p2 т. т. _tСкрещивание телефонных цепей _v[Ч. 2] |
|
| 801 | 0 |
_aRU _bNLR _gpsbo |
|
| 801 | 1 |
_aRU _bELAR _2rusmarc |
|
| 852 |
_aNLR _j31-17/99 |
||
| 942 | _cUNSPEC | ||
| 980 | _aNB | ||